000 01453nam0a22002531 4500
001 rc\4814801
005 20260407172409.0
021 _aRU
_b[60-79332]
035 _a(NLR Aleph) 008879281
090 _a8571334
_c8571334
100 _a20130426d1960 |||y0rusy50 ca
101 0 _arus
102 _aRU
105 _ay z |||||
200 1 _aТезисы докладов
_fУкр. респ. совет Всесоюз. добровол. спортивного о-ва "Трудовые резервы". Респ. совещание, посвящ. итогам подготовки и участия в VI Всесоюз. летней спартакиаде учащихся учеб. заведений проф.-техн. образования 1960 г.
210 _aКиев
_cБ. и.
_d1960
215 _a23 с.
_d19
606 _aФизическая культура и спорт
_yУкраинская ССР
_jТезисы докладов
_2psbo
710 1 2 _aУкраинское респ. совещание, посвященное итогам подготовки и участия в VI Всесоюзной летней спартакиаде учащихся учебных заведений профессионально-технического образования
_f1960
_eКиев
_3RU\NLR\AUTH\8810109091
_9718358
801 0 _aRU
_bNLR
_gpsbo
801 1 _aRU
_bELAR
_2rusmarc
852 _aNLR
_j60-4/14855
942 _cBOOK
980 _aNB